000 00318nam a22001337a 4500
008 180919b xxu||||| |||| 00| 0 eng d
020 _a9780205261765
041 _aeng
080 _a94
100 _a16
101 _aHIS
245 _aReading our Histories Understanding our Cultures
_cCormick,K.M
942 _2udc
_cBK
999 _c48089
_d48089